[Event "Ch Hungary"]
[Site "masterchessopen.com Budapest (Hungary)"]
[Round "0"]
[White "Szily Jozsef (HUN)"]
[Black "Pogats Jozsef (HUN)"]
[Result "1-0"]
[WhiteElo "2390"]
[BlackElo "2230"]

1.e4 c5 2.Nf3 Nc6 3.d4 cxd4 4.Nxd4 Nf6 5.Nc3 d6 6.Bg5 e6 7.Qd2 Be7 8.Rd1 a6
9.Be2 Bd7 10.O-O Rc8 11.Nb3 b5 12.a3 Qb6 13.Be3 Qc7 14.f4 O-O 15.Bf3 b4
16.axb4 Nxb4 17.Qf2 Bc6 18.Nd4 Bb7 19.Qg3 Nc6 20.Kh1 Ne8 21.e5 Nxd4 22.Bxd4 g6
23.Ne4 Bxe4 24.Bxe4 Ng7 25.exd6 Bxd6 26.Qh4 e5 27.Bc3 f6 28.Rf3 exf4 29.Bxf6
Be5 30.Bd5+ Kh8 31.Rh3 {#r} 1-0

[Event "Ch Czechoslovakia"]
[Site "masterchessopen.com Brno (Czech Republic)"]
[Round "11"]
[White "Fichtl Jiri (CZE)"]
[Black "Hybl Jaroslav (CZE)"]
[Result "1-0"]
[WhiteElo "2213"]
[BlackElo "2172"]

1.e4 c5 2.Nf3 Nc6 3.d4 cxd4 4.Nxd4 Nf6 5.Nc3 d6 6.Bg5 e6 7.Qd2 Be7 8.O-O-O
Nxd4 9.Qxd4 O-O 10.e5 dxe5 11.Qxe5 Bd7 12.h4 Rc8 13.Rh3 Qc7 14.Qxc7 Rxc7
15.Bf4 Rcc8 16.Rhd3 Bc6 17.Bd6 Bxd6 18.Rxd6 g6 19.f3 Nd5 20.Nxd5 Bxd5 21.b3
Kg7 22.Kb2 Kf6 23.R1xd5 {#r} 1-0

[Event "It (1)"]
[Site "masterchessopen.com Budapest (Hungary)"]
[Round "0"]
[White "Vasiukov Evgeni (RUS)"]
[Black "Filipowicz Andrzej (POL)"]
[Result "1-0"]
[WhiteElo "2455"]
[BlackElo "2330"]

1.e4 c5 2.Nf3 d6 3.d4 cxd4 4.Nxd4 Nf6 5.Nc3 Nc6 6.Bg5 e6 7.Qd2 Be7 8.O-O-O O-O
9.Nb3 Qb6 10.f3 a6 11.g4 Qc7 12.Be3 b5 13.g5 Nd7 14.h4 Nb6 15.a3 Ne5 16.Bxb6
Qxb6 17.f4 Nc4 18.Qd4 Qxd4 19.Nxd4 Bb7 20.Bxc4 bxc4 21.f5 d5 22.fxe6 dxe4
23.Rhe1 f5 24.Nxf5 Rxf5 25.Rd7 Bd8 26.Rxb7 Ba5 27.Rxe4 {#r} 1-0

[Event "Olympiad"]
[Site "masterchessopen.com Habana (Cuba)"]
[Round "0"]
[White "Jimenez Eleazar (CUB)"]
[Black "Pomar Salamanca Arturo (ESP)"]
[Result "0-1"]
[WhiteElo "2365"]
[BlackElo "2345"]

1.e4 c5 2.Nf3 d6 3.d4 Nf6 4.Nc3 cxd4 5.Nxd4 Nc6 6.Bg5 e6 7.Qd2 Be7 8.O-O-O O-O
9.Nb3 Qb6 10.f3 Rd8 11.Be3 Qc7 12.Qf2 d5 13.exd5 Nxd5 14.Nxd5 Rxd5 15.Rxd5
exd5 16.g4 Be6 17.Nd4 Rc8 18.Kb1 Bf6 19.Nxe6 fxe6 20.g5 Bxb2 21.Kxb2 Nb4 22.c4
dxc4 23.a3 c3+ 24.Kb3 c2 25.axb4 Qc3+ 26.Ka4 Qa1+ {#R} 0-1

[Event "Ch Russia"]
[Site "masterchessopen.com Saratov (Russia)"]
[Round "0"]
[White "Nezhmetdinov Rashit (RUS)"]
[Black "Kotkov Yuri M (RUS)"]
[Result "1-0"]
[WhiteElo "2450"]
[BlackElo "2390"]

1.e4 c5 2.Nf3 d6 3.d4 cxd4 4.Nxd4 Nf6 5.Nc3 Nc6 6.Bg5 e6 7.Qd2 Be7 8.O-O-O
Nxd4 9.Qxd4 O-O 10.e5 dxe5 11.Qxe5 Bd7 12.Be2 Rc8 13.Be3 a6 ( { ? } 13...b5 )
14.g4 b5 15.g5 b4 16.gxf6 Bxf6 17.Qd6 bxc3 18.Qxd7 Qa5 19.Kb1 {#r} 1-0

[Event "Ch URS (team)"]
[Site "masterchessopen.com Riga (Latvia)"]
[Round "0"]
[White "Golovey Tamara O (BLR)"]
[Black "Andreieva Olga A (UKR)"]
[Result "1-0"]
[WhiteElo "2237"]
[BlackElo "2250"]

1.e4 c5 2.Nf3 Nc6 3.d4 cxd4 4.Nxd4 Nf6 5.Nc3 d6 6.Bg5 e6 7.Qd2 Be7 8.O-O-O
Nxd4 9.Qxd4 O-O 10.e5 dxe5 11.Qxe5 Nd7 12.Bxe7 Qxe7 13.Qc7 a6 14.g3 Qg5+ 15.f4
Qd8 16.Qxd8 Rxd8 17.Bg2 Kf8 18.Rd2 Ke7 19.Rhd1 Ra7 20.f5 b5 21.fxe6 fxe6
22.Bh3 Rf8 23.Re1 Rf6 24.Nd5+ {#r} 1-0

[Event "Ch World (team) (under 26) (prel-D)"]
[Site "masterchessopen.com Dresden (Germany)"]
[Date "1969.08.04"]
[Round "4"]
[White "Teboudi K (TUN)"]
[Black "Plachetka Jan (SVK)"]
[Result "0-1"]
[WhiteElo "2270"]
[BlackElo "2388"]

1.e4 c5 2.Nf3 Nc6 3.d4 cxd4 4.Nxd4 Nf6 5.Nc3 d6 6.Bg5 e6 7.Qd2 h6 8.Nxc6 bxc6
9.Bh4 Rb8 10.e5 dxe5 11.Qxd8+ Kxd8 12.Be2 Be7 13.Bg3 Nd7 14.O-O-O Bg5+ 15.Kb1
Bf4 16.Bf3 Kc7 17.Rhe1 Bxg3 18.hxg3 f5 19.Rd2 e4 20.Be2 Nb6 21.Red1 Nd5
22.Nxd5+ exd5 23.c4 Be6 24.c5 Rb4 25.Rd4 Rhb8 26.R1d2 g5 27.Kc1 f4 28.gxf4
gxf4 29.Rxb4 Rxb4 {#R} 0-1

[Event "?"]
[Site "masterchessopen.com URS"]
[Round "0"]
[White "Gipslis Aivars (LAT)"]
[Black "Tukmakov Vladimir B (UKR)"]
[Result "1-0"]
[WhiteElo "2429"]
[BlackElo "2570"]

1.e4 c5 2.Nf3 Nc6 3.d4 cxd4 4.Nxd4 Nf6 5.Nc3 d6 6.Bg5 e6 7.Qd2 Be7 8.O-O-O O-O
9.Nb3 Qb6 10.f3 Rd8 11.Be3 Qc7 12.Qf2 Nd7 13.Nb5 Qb8 14.h4 a6 15.N5d4 Nxd4
16.Nxd4 Qc7 17.g4 Nc5 18.g5 b5 19.h5 d5 20.e5 Bd7 21.Qh2 Na4 22.Rd3 Nc5 23.g6
Be8 24.h6 fxg6 25.hxg7 h5 26.Rd2 Rd7 27.Bh3 Bf7 28.Rg1 Kxg7 29.Bxe6 {#r} 1-0

[Event "It"]
[Site "masterchessopen.com Decin (Czech Republic)"]
[Round "7"]
[White "Kovacs Laszlo (HUN)"]
[Black "Lanc Alois (SVK)"]
[Result "0-1"]
[WhiteElo "2017"]
[BlackElo "2367"]

1.e4 c5 2.Nf3 Nc6 3.d4 cxd4 4.Nxd4 Nf6 5.Nc3 d6 6.Bg5 e6 7.Qd2 h6 8.Bxf6 gxf6
9.O-O-O a6 10.f4 Bd7 11.Kb1 Qb6 12.Nf3 O-O-O 13.Na4 Qa7 14.c4 Ne5 15.Nc3 Nxf3
16.gxf3 Kb8 17.Bd3 h5 18.Rhg1 Bc6 19.f5 Bh6 20.Qe2 Rhg8 21.Rxg8 Rxg8 22.Qf1
Qe3 23.fxe6 fxe6 24.Qh3 Qf4 25.Qxe6 Rg2 26.c5 Rd2 27.Qc4 d5 28.exd5 Bb5 {#R}
0-1

[Event "Ch Europe (juniors)"]
[Site "masterchessopen.com Groningen (Netherlands)"]
[Round "9"]
[White "Heaven Peter"]
[Black "Levacic Damir (FRA)"]
[Result "0-1"]
[WhiteElo "2200"]
[BlackElo "2260"]

1.e4 c5 2.Nf3 Nc6 3.d4 cxd4 4.Nxd4 Nf6 5.Nc3 d6 6.Bg5 e6 7.Qd2 Be7 8.O-O-O O-O
9.Nb3 Qb6 10.f3 Rd8 11.Be3 Qc7 12.Qf2 Nd7 13.g4 a6 14.g5 b5 15.h4 a5 16.Ne2
Nce5 17.Kb1 Bb7 18.h5 Nc5 19.Nbd4 Rac8 20.Ng3 d5 21.Bf4 dxe4 22.g6 Bf6 23.Bh3
Ned3 24.gxf7+ Kxf7 25.Bxc7 Nxf2 26.Bxd8 Rxd8 27.Nb3 Nxb3 28.Rxd8 Bxd8 29.Rh2
Nxh3 30.Nxe4 Bxe4 31.fxe4 Nc5 32.Rxh3 Nxe4 33.Rh4 Bxh4 {#R} 0-1

[Event "Ch Europe (juniors)"]
[Site "masterchessopen.com Groningen (Netherlands)"]
[Round "10"]
[White "Yurtseven Can (TUR)"]
[Black "Levacic Damir (FRA)"]
[Result "0-1"]
[WhiteElo "2327"]
[BlackElo "2260"]

1.e4 c5 2.Nf3 Nc6 3.d4 cxd4 4.Nxd4 Nf6 5.Nc3 d6 6.Bg5 e6 7.Qd2 Be7 8.O-O-O O-O
9.Be2 Nxd4 10.Qxd4 Qa5 11.Bd2 Qc7 12.f4 Rd8 13.g4 e5 14.Qg1 d5 15.exd5 Nxd5
16.Nb5 Qb8 17.f5 b6 18.h4 Bb7 19.Rh2 e4 20.Rh3 Bc5 21.Qf1 e3 22.Be1 a6 23.Nc3
Nxc3 24.Bxc3 Rxd1+ 25.Bxd1 Qd6 26.f6 Rd8 27.Qe1 Qf4 28.Be2 gxf6 29.Bd3 Be4
30.Bxe4 e2+ {#R} 0-1

[Event "Tournament"]
[Site "masterchessopen.com Villa Gesell (Argentina)"]
[Round "0"]
[White "Melchor Munoz Alejandro (ESP)"]
[Black "Franco Ocampos Zenon (PAR)"]
[Result "0-1"]
[WhiteElo "2031"]
[BlackElo "2501"]

1.e4 c5 2.Nf3 Nc6 3.d4 cxd4 4.Nxd4 Nf6 5.Nc3 d6 6.Bg5 e6 7.Qd2 Be7 8.O-O-O O-O
9.Be2 Qb6 10.Be3 Qc7 11.g4 a6 12.g5 Nxd4 13.Bxd4 Nd7 14.f4 b5 15.Bd3 b4 16.Ne2
e5 17.Be3 exf4 18.Nxf4 Bb7 19.Nd5 Bxd5 20.exd5 a5 21.Qe2 a4 22.Rhg1 Ne5 23.Rg3
Nxd3+ 24.Qxd3 Rfc8 25.Bd4 Ra5 26.Rg2 Rxd5 27.h4 Bf8 {#R} 0-1

[Event "It"]
[Site "masterchessopen.com Czestochowa (Poland)"]
[Round "5"]
[White "Gazik Igor (SVK)"]
[Black "Kubik Jan (POL)"]
[Result "0-1"]
[WhiteElo "2328"]
[BlackElo "2252"]

1.e4 c5 2.Nf3 Nc6 3.d4 cxd4 4.Nxd4 Nf6 5.Nc3 d6 6.Bg5 e6 7.Qd2 h6 8.Bxf6 gxf6
9.O-O-O a6 10.f4 Qb6 11.Nf3 Bd7 12.f5 h5 13.Kb1 O-O-O 14.g3 Ne5 15.Nd4 Bh6
16.Qe2 Kb8 17.Bh3 Rc8 18.Ka1 Nc4 19.Nb3 Rc7 20.Rd3 a5 21.a4 Qb4 22.fxe6 fxe6
23.Kb1 Bg7 24.Na2 Qxa4 25.Nd4 f5 26.Rhd1 Nxb2 27.Kxb2 Qb5+ 28.Kc1 Bxd4 29.c3
Bxc3 30.Nxc3 Rxc3+ 31.Kd2 Qb2+ 32.Ke1 Qxe2+ 33.Kxe2 Bb5 {#R} 0-1

[Event "It (cat.10)"]
[Site "masterchessopen.com Riga (Latvia)"]
[Round "0"]
[White "Gipslis Aivars (LAT)"]
[Black "Bielczyk Jacek (POL)"]
[Result "1-0"]
[WhiteElo "2490"]
[BlackElo "2405"]

1.e4 c5 2.Nf3 d6 3.d4 cxd4 4.Nxd4 Nf6 5.Nc3 Nc6 6.Bg5 e6 7.Qd2 Be7 8.O-O-O O-O
9.Nb3 Qb6 10.f3 a6 11.h4 Rd8 12.g4 d5 13.exd5 Nxd5 14.Bxe7 Ndxe7 15.Bd3 e5
16.h5 Kh8 17.h6 g6 18.Qg5 Ng8 19.Ne4 Qc7 20.Bc4 b5 21.Rxd8 Nxd8 22.Bd5 Bb7
23.Rd1 Bxd5 24.Rxd5 Ne6 25.Qd2 Nf4 26.Rd7 Qc4 27.g5 Rc8 28.Nd6 Qf1+ 29.Qd1
Nd3+ 30.Kd2 Qg2+ 31.Kxd3 e4+ 32.Kxe4 f5+ {#r} 1-0

[Event "It (b)"]
[Site "masterchessopen.com Wroclaw (Poland)"]
[Round "6"]
[White "Serwinski Benedykt"]
[Black "Kwasniewski Zdzislaw (POL)"]
[Result "1-0"]
[WhiteElo "2225"]
[BlackElo "2213"]

1.e4 c5 2.Nf3 Nc6 3.d4 cxd4 4.Nxd4 Nf6 5.Nc3 d6 6.Bg5 e6 7.Qd2 h6 8.Bxf6 gxf6
9.O-O-O a6 10.f4 Qb6 11.Nb3 Bd7 12.Be2 h5 13.Rhf1 O-O-O 14.Rf3 h4 15.Qe1 Be7
16.Rh3 Rhg8 17.Bf3 f5 18.exf5 Qb4 19.Qe3 Na5 20.Bd5 Nxb3+ 21.Bxb3 Rxg2 22.fxe6
fxe6 23.Bxe6 Qc5 24.Qxc5+ dxc5 25.Rxd7 Rxd7 26.Rd3 {#r} 1-0

[Event "Bundesliga (2nd) 1981/82"]
[Site "masterchessopen.com Germany"]
[Round "0"]
[White "Ertlthalner Gerold (GER)"]
[Black "Brumm Carsten Dr (GER)"]
[Result "0-1"]
[WhiteElo "2031"]
[BlackElo "2242"]

1.e4 c5 2.Nf3 Nc6 3.d4 cxd4 4.Nxd4 Nf6 5.Nc3 d6 6.Bg5 e6 7.Qd2 Be7 8.O-O-O O-O
9.Nb3 Qb6 10.Be3 Qc7 11.f4 a6 12.Be2 b5 13.Bf3 Bb7 14.g4 Na5 15.f5 Rac8 16.Qg2
Nc4 17.Rd3 b4 18.g5 Ne5 19.gxf6 Nxd3+ 20.cxd3 Bxf6 21.Bh6 Kh8 22.e5 Bxe5
23.Bxb7 gxh6 24.Bxc8 Rxc8 25.d4 Bf4+ 26.Kb1 bxc3 27.bxc3 Qxc3 28.Rg1 Bg5 29.h4
Bf6 30.Qf2 Qd3+ 31.Ka1 Rc2 {#R} 0-1

[Event "Ch DDR"]
[Site "masterchessopen.com Salzwedel (Germany)"]
[Round "3"]
[White "Enders Peter (GER)"]
[Black "Rossmann Helmut (GER)"]
[Result "1-0"]
[WhiteElo "2315"]
[BlackElo "2290"]

1.e4 c5 2.Nf3 d6 3.d4 cxd4 4.Nxd4 Nf6 5.Nc3 Nc6 6.Bg5 e6 7.Qd2 Be7 8.O-O-O O-O
9.h4 Nxd4 10.Qxd4 Qa5 11.Bc4 Bd7 12.Bb3 h6 13.f4 hxg5 14.hxg5 Ng4 15.Rh5 f6
16.Nd5 Qd8 17.g6 Nh6 18.f5 Re8 19.Rdh1 Bf8 20.Rxh6 gxh6 21.Nxf6+ Kh8 22.Nxe8+
{#r} 1-0

[Event "Ch Bulgaria (play-off)"]
[Site "masterchessopen.com Sofia (Bulgaria)"]
[Round "2"]
[White "Lukov Valentin (BUL)"]
[Black "Inkiov Ventzislav (BUL)"]
[Result "0-1"]
[WhiteElo "2420"]
[BlackElo "2475"]

1.e4 c5 2.Nf3 d6 3.d4 cxd4 4.Nxd4 Nf6 5.Nc3 Nc6 6.Bg5 e6 7.Qd2 Be7 8.O-O-O O-O
9.Nb3 h6 10.Bf4 e5 11.Be3 a5 12.a4 Be6 13.Qe1 Nb4 14.Kb1 Qc7 15.Bd3 d5 16.exd5
Nfxd5 17.Nb5 Qc6 18.Bc1 Nxd3 19.Rxd3 Bf5 20.Qxe5 Bxd3 21.cxd3 Bf6 22.Qd6 Nb4
23.Qxc6 bxc6 24.N5d4 c5 25.Nb5 Nxd3 26.f3 Rfd8 27.Nc7 Rac8 28.Nb5 c4 29.Nxa5
Ra8 30.Nc6 Rd7 31.Rd1 Rxa4 {#R} 0-1

[Event "Ch Poland (team) (2nd liga)"]
[Site "masterchessopen.com Gdynia (Poland)"]
[Round "0"]
[White "Pioch Zygmunt (POL)"]
[Black "Kubik Jan (POL)"]
[Result "1-0"]
[WhiteElo "2123"]
[BlackElo "2252"]

1.e4 c5 2.Nf3 Nc6 3.d4 cxd4 4.Nxd4 Nf6 5.Nc3 d6 6.Bg5 e6 7.Qd2 h6 8.Bh4 Nxe4
9.Qf4 Ng5 10.O-O-O Be7 11.Ndb5 O-O 12.Nxd6 e5 13.Qd2 Be6 14.Bg3 Bg4 15.Be2
Bxe2 16.Nxe2 Ne6 17.Kb1 Bxd6 18.Qxd6 Qb6 19.Qa3 Rfd8 20.Rhe1 Na5 21.Kc1 Rac8
22.Nc3 Nc4 23.Qb3 Qc6 24.Nb5 Rxd1+ 25.Rxd1 Qxg2 26.Nxa7 Rb8 27.Nb5 Qc6 28.Nc3
Nd4 29.Qa4 {#r} 1-0

[Event "Zt"]
[Site "masterchessopen.com Brighton (England)"]
[Round "8"]
[White "Chandler Murray G (ENG)"]
[Black "Carton Patrick (IRL)"]
[Result "0-1"]
[WhiteElo "2540"]
[BlackElo "2189"]

1.e4 c5 2.Nf3 Nc6 3.d4 cxd4 4.Nxd4 Nf6 5.Nc3 d6 6.Bg5 e6 7.Qd2 Be7 8.O-O-O O-O
9.Nb3 a6 10.Bxf6 gxf6 11.Be2 b5 12.Bh5 b4 13.Ne2 a5 14.Kb1 Qb6 15.h4 a4
16.Nbc1 Ne5 17.Qh6 Kh8 18.f4 Nc4 19.Nd4 e5 20.Nf5 Bxf5 21.exf5 Na3+ 22.bxa3
bxa3+ 23.Nb3 axb3 24.axb3 Qc5 25.Rh3 Rfc8 26.Rd2 a2+ 27.Ka1 e4 28.c3 Bf8 {#R}
0-1

[Event "It (cat.14)"]
[Site "masterchessopen.com London (England)"]
[Round "0"]
[White "Chandler Murray G (ENG)"]
[Black "Torre Eugenio (PHI)"]
[Result "1-0"]
[WhiteElo "2540"]
[BlackElo "2530"]

1.e4 c5 2.Nf3 Nc6 3.d4 cxd4 4.Nxd4 Nf6 5.Nc3 d6 6.Bg5 e6 7.Qd2 Be7 8.O-O-O O-O
9.Nb3 h6 10.Bxf6 Bxf6 11.Qxd6 Bxc3 12.bxc3 Qh4 13.g3 Qf6 14.Qc5 e5 15.Bc4 Be6
16.Bxe6 Qxe6 17.Rd6 Qh3 18.Qe3 Rfd8 19.Rd5 Rdc8 20.Rhd1 Rc7 21.f4 exf4 22.Qxf4
Re7 23.Nc5 b6 24.Nd7 Rae8 25.e5 Qh5 26.Re1 Qxh2 27.Qg4 Re6 28.Nf6+ Rxf6
29.exf6 Rxe1+ 30.Kb2 g5 31.Qc8+ Kh7 32.Qf8 Kg6 33.g4 {#r} 1-0

[Event "It (cat.8)"]
[Site "masterchessopen.com Rostock (Germany)"]
[Round "9"]
[White "Vogt Lothar (GER)"]
[Black "Lanc Alois (SVK)"]
[Result "1-0"]
[WhiteElo "2485"]
[BlackElo "2410"]

1.e4 c5 2.Nf3 d6 3.d4 cxd4 4.Nxd4 Nf6 5.Nc3 Nc6 6.Bg5 e6 7.Qd2 h6 8.Bxf6 gxf6
9.O-O-O a6 10.Kb1 Bd7 11.f4 Qb6 12.Nb3 O-O-O 13.g3 Kb8 14.f5 h5 15.Qf4 Be7
16.Bh3 Ka8 17.Rhe1 Rc8 18.fxe6 fxe6 19.Nd5 exd5 20.Bxd7 Rc7 21.Bxc6 bxc6
22.exd5 c5 23.Nd2 Rb8 24.Nc4 Qb4 25.Re3 {#r} 1-0

[Event "It (open)"]
[Site "masterchessopen.com Amsterdam (Netherlands)"]
[Round "0"]
[White "Hellers Ferdinand (SWE)"]
[Black "Piket Jeroen (NED)"]
[Result "1-0"]
[WhiteElo "2380"]
[BlackElo "2400"]

1.e4 c5 2.Nf3 d6 3.d4 cxd4 4.Nxd4 Nf6 5.Nc3 Nc6 6.Bg5 e6 7.Qd2 Be7 8.O-O-O O-O
9.Nb3 Qb6 10.f3 a6 11.h4 Rd8 12.h5 h6 13.Be3 Qc7 14.Qf2 Nd7 15.g4 Nce5 16.Rg1
b5 17.g5 hxg5 18.Bxg5 Bxg5+ 19.Rxg5 Nf8 20.a3 f6 21.Rg3 Nf7 22.Bd3 Nh6 23.Rdg1
Rd7 24.Qd2 Kh7 25.e5+ f5 26.exd6 Qxd6 27.Ne4 Qc7 28.Rxg7+ Rxg7 29.Nf6+ {#r}
1-0

[Event "Ch Netherlands (open)"]
[Site "masterchessopen.com Dieren (Netherlands)"]
[Round "9"]
[White "Riemersma Liafbern (NED)"]
[Black "Carlier Bruno (NED)"]
[Result "1-0"]
[WhiteElo "2420"]
[BlackElo "2380"]

1.e4 c5 2.Nf3 Nc6 3.d4 cxd4 4.Nxd4 Nf6 5.Nc3 d6 6.Bg5 e6 7.Qd2 Be7 8.O-O-O O-O
9.Nb3 h6 10.Bxf6 Bxf6 11.Qxd6 Bxc3 12.bxc3 Qf6 13.Qg3 e5 14.Bc4 b6 15.Rd2 Na5
16.Bd5 Rb8 17.c4 Nb7 18.Rf1 Nc5 19.f4 Bb7 20.Qf3 exf4 21.Rdf2 Qe7 22.Nxc5 Qxc5
23.Qd3 Ba6 24.Rxf4 Kh8 25.Rxf7 Rxf7 26.Rxf7 b5 27.Qg3 Rg8 28.Rc7 Qg1+ 29.Kb2
Qd4+ 30.Qc3 Qb6 31.Rc6 b4 32.Qe5 Qb7 33.Rxh6# 1-0

[Event "Tournament (cand.) (cat.14)"]
[Site "masterchessopen.com Montpellier (France)"]
[Round "0"]
[White "Tal Mikhail N (LAT)"]
[Black "Korchnoi Viktor (SUI)"]
[Result "1-0"]
[WhiteElo "2565"]
[BlackElo "2630"]

1.e4 c5 2.Nf3 d6 3.d4 cxd4 4.Nxd4 Nf6 5.Nc3 Nc6 6.Bg5 e6 7.Qd2 Be7 8.O-O-O O-O
9.Nb3 a5 10.a4 d5 11.Bb5 dxe4 12.Qxd8 Bxd8 13.Rhe1 Na7 14.Bc4 h6 15.Bxf6 gxf6
( 15...Bxf6 16.Nxe4 b6 17.Nxf6+ gxf6 18.Rd6 Rb8 19.Red1 { P } ) 16.Nxe4 f5
17.Nd6 Bc7 18.g3 b6 ( 18...Rd8 19.Nb5 Nxb5 20.Bxb5 b6 { P } ) 19.Nxf5 exf5
20.Bd5 Be6 21.Bxa8 Rxa8 22.Nd4 Bd5 ( 22...Re8 23.Nxe6 fxe6 24.Rd7 Bb8 25.Rb7 {
P } ) 23.Re7 Rc8 24.Nb5 {#r} 1-0

[Event "Ch Yugoslavia"]
[Site "masterchessopen.com Novi Sad (Yugoslavia)"]
[Round "0"]
[White "Marjanovic Slavoljub (SRB)"]
[Black "Barlov Dragan (SRB)"]
[Result "1-0"]
[WhiteElo "2540"]
[BlackElo "2440"]

1.e4 c5 2.Nf3 d6 3.d4 cxd4 4.Nxd4 Nf6 5.Nc3 Nc6 6.Bg5 e6 7.Qd2 Be7 8.O-O-O O-O
9.Nb3 h6 10.Bxf6 Bxf6 11.Qxd6 Qb6 12.Qc5 Qc7 13.g3 Be7 14.Qe3 a6 15.f4 b5
16.Bg2 Ne5 17.Qe2 Nc4 18.e5 Rb8 19.Ne4 Bb7 20.Rd3 a5 21.Rhd1 a4 22.Rd7 axb3
23.cxb3 Qa5 24.Rxe7 Rfc8 25.Kb1 Ra8 26.a4 Bxe4+ 27.Bxe4 Qb4 28.bxc4 Rxa4
29.Rc7 Rf8 30.Bc2 Raa8 31.Qe4 g6 32.Rdd7 {#r} 1-0

[Event "It (open)"]
[Site "masterchessopen.com Cap d'Agde (France)"]
[Round "0"]
[White "Santo-Roman Marc (FRA)"]
[Black "Gurevich Dmitry (USA)"]
[Result "0-1"]
[WhiteElo "2360"]
[BlackElo "2505"]

1.e4 c5 2.Nf3 d6 3.d4 cxd4 4.Nxd4 Nf6 5.Nc3 Nc6 6.Bg5 e6 7.Qd2 Be7 8.O-O-O
Nxd4 9.Qxd4 O-O 10.f3 a6 11.h4 Qa5 12.Kb1 b5 13.Bd3 Bb7 14.g4 Rac8 15.Ne2 Qc7
16.Qf2 b4 17.Be3 d5 18.Ng3 dxe4 19.Nxe4 Bxe4 20.Bxe4 Nxe4 21.fxe4 Qe5 22.Rd7
Bf6 23.Bd4 Qxe4 24.Rd1 Rfd8 25.Re1 Qxg4 26.Rg1 Qxd4 {#R} 0-1

[Event "Ch Hamburg"]
[Site "masterchessopen.com Hamburg (Germany)"]
[Round "0"]
[White "Jacoby Gisbert (GER)"]
[Black "Michaelsen Nils (GER)"]
[Result "0-1"]
[WhiteElo "2174"]
[BlackElo "2412"]

1.e4 c5 2.Nf3 Nc6 3.d4 cxd4 4.Nxd4 Nf6 5.Nc3 d6 6.Bg5 e6 7.Qd2 Be7 8.O-O-O O-O
9.Nb3 a5 10.a4 d5 11.Bxf6 Bxf6 12.exd5 Nb4 13.d6 e5 14.Ne4 Bf5 15.Qe3 Rc8
16.Kb1 Rxc2 17.Bb5 Qc8 18.Bd3 Nxd3 19.Rxd3 Qc4 20.Re1 Bg5 21.Qf3 Bg4 22.Rc3
Bxf3 23.Rxc4 Rxc4 24.Nxg5 Bxg2 25.d7 Rc7 26.Rxe5 Rxd7 27.Rxa5 h6 {#R} 0-1

[Event "Ch URS (1 liga)"]
[Site "masterchessopen.com Kuibyshev (Russia)"]
[Round "0"]
[White "Oll Lembit (EST)"]
[Black "Temirbaev Serik (KAZ)"]
[Result "0-1"]
[WhiteElo "2430"]
[BlackElo "2406"]

1.e4 c5 2.Nf3 Nc6 3.d4 cxd4 4.Nxd4 Nf6 5.Nc3 d6 6.Bg5 e6 7.Qd2 Be7 8.O-O-O O-O
9.Nb3 a5 10.a4 d5 11.Bb5 Nb4 12.Rhe1 h6 13.Bxf6 Bxf6 14.exd5 exd5 15.Nxd5 Bg4
16.f3 Bg5 17.Ne3 Bf5 18.Nd4 Bg6 19.g3 Bxe3 20.Qxe3 Rc8 21.Rd2 Qd5 22.b3 Rfd8
23.c3 Qc5 24.Bc4 Nd5 25.Bxd5 Rxd5 26.Kb2 Re5 27.Qf2 Qxc3+ 28.Ka2 Rd5 29.Red1
b5 30.Nxb5 Bb1+ {#R} 0-1

[Event "It"]
[Site "masterchessopen.com London (England)"]
[Round "8"]
[White "Nicholson John (IRL)"]
[Black "Carlier Bruno (NED)"]
[Result "0-1"]
[WhiteElo "1836"]
[BlackElo "2380"]

1.e4 c5 2.Nf3 Nc6 3.d4 cxd4 4.Nxd4 Nf6 5.Nc3 d6 6.Bg5 e6 7.Qd2 Be7 8.O-O-O O-O
9.Nb3 a6 10.h4 b5 11.Bxf6 gxf6 12.g4 b4 13.Ne2 a5 14.Kb1 Bb7 15.Qh6 Kh8 16.g5
Rg8 17.f4 Qc7 18.Bg2 a4 19.Nbd4 Nxd4 20.Nxd4 a3 21.f5 axb2 22.Rd3 Qc4 23.Kxb2
Rxa2+ 24.Kc1 e5 25.g6 fxg6 26.h5 g5 {#R} 0-1

[Event "It"]
[Site "masterchessopen.com Munich (Germany)"]
[Round "0"]
[White "Goetz Ralph (GER)"]
[Black "Deze Anton (YUG)"]
[Result "1-0"]
[WhiteElo "2287"]
[BlackElo "2405"]

1.e4 c5 2.Nf3 Nc6 3.d4 cxd4 4.Nxd4 Nf6 5.Nc3 d6 6.Bg5 e6 7.Qd2 Be7 8.O-O-O O-O
9.Nb3 Qb6 10.f3 Rd8 11.Be3 Qc7 12.Qf2 Nd7 13.g4 a6 14.g5 b5 15.h4 b4 16.Ne2 a5
17.Nbd4 a4 {#r} 1-0

[Event "?"]
[Site "masterchessopen.com URS"]
[Round "0"]
[White "Serper Grigory (USA)"]
[Black "Brodsky Michail (UKR)"]
[Result "1-0"]
[WhiteElo "2522"]
[BlackElo "2553"]

1.e4 c5 2.Nf3 d6 3.d4 cxd4 4.Nxd4 Nf6 5.Nc3 Nc6 6.Bg5 e6 7.Qd2 Be7 8.O-O-O O-O
9.Nb3 Qb6 10.f3 a6 11.h4 Rd8 12.h5 Qc7 13.g4 b5 14.Be3 Nd7 ( 14...b4 15.Na4
Nd7 { P } ) 15.g5 Nce5 16.g6 b4 17.gxf7+ Kxf7 ( 17...Nxf7 18.Ne2 { P } )
18.Nd5 exd5 ( 18...Qb8 19.Nxe7 Kxe7 20.h6 { P } ) 19.Qxd5+ Kf8 20.Qxa8 Bb7
21.Qa7 Rc8 ( 21...Nc6 22.Nd4 { ! P } ) 22.Nd4 Nc5 23.Qxc5 dxc5 24.Ne6+ Ke8
25.Nxc7+ Rxc7 26.Bf4 Bf6 27.Rd6 Ke7 28.Rb6 a5 29.Bh3 Bc6 30.Bf5 a4 31.Bxh7 a3
32.b3 Bd7 33.Bf5 {#r} 1-0

[Event "Ch World (juniors) (under 20)"]
[Site "masterchessopen.com Adelaide (Australia)"]
[Round "1"]
[White "Canfell Gregory (AUS)"]
[Black "Piket Jeroen (NED)"]
[Result "0-1"]
[WhiteElo "2326"]
[BlackElo "2495"]

1.e4 c5 2.Nf3 d6 3.d4 cxd4 4.Nxd4 Nf6 5.Nc3 Nc6 6.Bg5 e6 7.Qd2 Be7 8.O-O-O O-O
9.Nb3 Qb6 10.f3 Rd8 11.h4 d5 12.exd5 Nxd5 13.Nxd5 Rxd5 14.Bd3 Nb4 15.Bxe7
Nxd3+ 16.Qxd3 Rxd3 17.Rxd3 h5 18.Rhd1 e5 19.Bc5 Qc6 20.Rd6 Qa4 21.Rd8+ Kh7
22.Rf8 Qf4+ 23.Kb1 b6 24.Be7 Bb7 25.Rd7 Rxf8 26.Bxf8 Bc6 27.Rxa7 e4 28.fxe4
Bxe4 29.Be7 Qf1+ 30.Nc1 Qc4 {#R} 0-1

[Event "It"]
[Site "masterchessopen.com Altensteig (Germany)"]
[Round "0"]
[White "Werner Michael (GER)"]
[Black "Polajzer Danilo (SLO)"]
[Result "1-0"]
[WhiteElo "2129"]
[BlackElo "2293"]

1.e4 c5 2.Nf3 d6 3.d4 cxd4 4.Nxd4 Nf6 5.Nc3 Nc6 6.Bg5 e6 7.Qd2 Be7 8.O-O-O O-O
9.Nb3 a6 10.Bxf6 gxf6 11.f4 Kh8 12.f5 b5 13.g3 b4 14.Ne2 e5 15.Kb1 a5 16.Nbc1
a4 17.g4 Ra5 18.Bg2 Rg8 19.Bf3 Qb6 20.h4 Bb7 21.Qh6 Na7 22.g5 Nb5 23.Ka1 b3
24.gxf6 Bf8 25.Qd2 Na3 26.cxb3 Bh6 27.Qxh6 Nc2+ 28.Kb1 axb3 29.Nxb3 Rxa2
30.Rdg1 Raa8 31.Rg7 {#r} 1-0

[Event "Europe Tournament (corr.)"]
[Site "masterchessopen.com corr."]
[Round "0"]
[White "Runowiecki Tadeusz (POL)"]
[Black "Wittmann Walter (AUT)"]
[Result "1-0"]
[WhiteElo "1958"]
[BlackElo "2300"]

1.e4 c5 2.Nf3 d6 3.d4 cxd4 4.Nxd4 Nf6 5.Nc3 Nc6 6.Bg5 e6 7.Qd2 Be7 8.O-O-O O-O
9.Nb3 Qb6 10.Be3 Qc7 11.f3 Rd8 12.Qf2 Nd7 13.g4 a6 14.g5 b5 15.f4 Na5 16.f5
Nc4 17.fxe6 fxe6 18.Bxc4 bxc4 19.Nd2 Rb8 20.Rdg1 Ne5 21.Ba7 Rb7 22.Bd4 Bd7
23.h4 Rdb8 24.g6 Bf6 25.gxh7+ Kh8 26.h5 Rxb2 27.h6 Qb7 28.hxg7+ Bxg7 29.Rxg7
Rxc2+ 30.Kxc2 Qb2+ 31.Kd1 {#r} 1-0